00390nam a2200097Ia 4500008004100000100001800041245007700059260007000136500007400206546001200280220512s9999 xx 000 0 eng d aGoyal, Ahima  0aStability andpolicy rules in emerging markets /cGoyal, Ahima and others aMumbai :bIndira Gandhi Insitute of development Research,cJan-12 aIndira Gandhi Insitute of development Research-working paper-2012-004 aEnglish